| 000 | 00358nam a2200145Ia 4500 | ||
|---|---|---|---|
| 008 | 240624s9999 xx 000 0 und d | ||
| 041 | _aeng | ||
| 082 | _a342.54 SEE | ||
| 100 | _aSEERVAI H M | ||
| 245 | _aCONSTITUTIONAL LAW OF INDIA III | ||
| 250 | _a(4th ed.) | ||
| 260 |
_c2004 _aDelhi _bUniversal Law Publishing |
||
| 300 | _axxvii, : 1032 | ||
| 365 | _cRS | ||
| 999 |
_c1517 _d1517 |
||